| 000 | 00434nam a22001697a 4500 | ||
|---|---|---|---|
| 005 | 20180811125234.0 | ||
| 008 | 160502b xxu||||| |||| 00| 0 eng d | ||
| 020 | _a81-7036-129-X | ||
| 041 | _aeng | ||
| 082 |
_b1102 _a658.31243 |
||
| 100 |
_aLynton Rolf P and Pareek, Udai _94772 |
||
| 245 | _aTraining for development | ||
| 260 |
_aNew Delhi _bVistaar Public. _c2005 |
||
| 300 | _a333p, | ||
| 650 |
_aManagement _9241 |
||
| 942 | _cBK | ||
| 999 |
_c417 _d417 |
||